000 00503nam a22001937a 4500
005 20260522161218.0
010 _aENG-148603
020 _a9789392210297
_c205.00
035 _aEN-132135
037 _bDBAD
082 _aS
_21
100 _aKipling, Rudyard
245 _aKim/
_cRudyard Kipling
250 _a1
260 _aChandigarh
_bThe Browser
_c2024
270 _bChandigarh
_aSCO 14-15, Sector 8-C
_e160009
_mservice@thebrowser.org
300 _a303p.
_c20cm(pb)
942 _2ddc
_cEN
_hS
_mKIP
999 _c216362
_d216362